| 000 | 01360ncm a2200385 c 4500 | ||
|---|---|---|---|
| 999 |
_c307316 _d307316 |
||
| 003 | BLK | ||
| 005 | 20250216004130.0 | ||
| 008 | 180414b bul |a|er|||| |0| c|bulo| | ||
| 010 | _aNOT00001888000 | ||
| 040 | _aBLK | ||
| 041 |
_aRUS _cRUS |
||
| 080 |
_aСонати за виолончело _b787.3.082.2 _z787.3.082.2 |
||
| 080 |
_aДуо виолончело и пиано _b785.72:787.3:786.2 _z785.72:787.3:786.2 |
||
| 100 | 1 |
_aБокерини, Луиджи _eпърви автор _941039 |
|
| 139 |
_aБокерини, Луиджи _bБ 60 |
||
| 245 | 1 | 0 |
_aСоната _bДля виолончели и фортепиано : До-мажор _cЛуиджи Бокерини. |
| 254 | _aКлавир | ||
| 257 | _aRUS | ||
| 260 |
_bМузыка 7054 _c1971 |
||
| 300 |
_a23 с. _c29 см _e11 с. щим |
||
| 380 | _a7 | ||
| 650 | 4 |
_aВиолончело _9150748 |
|
| 650 | 0 |
_aВиолончело - сонати, сонатини, пиеси _9353306 |
|
| 650 | 0 |
_aДуо - виолончело и пиано _9353305 |
|
| 653 | _aсонати | ||
| 653 | _aвиолончело | ||
| 852 |
_aЦб М ІІ 6120 _p0 |
||
| 856 | 4 |
_qpdf _u |
|
| 856 | 4 |
_qpdf _u |
|
| 942 |
_cNOT _n0 _s1 |
||
| 944 |
_aCR _c09.06.2006 _k _lCRON CRON |
||
| 944 |
_aED _c07.03.2007 |
||
| 999 | _d307316 | ||
| 999 | _d307316 | ||